00708nam a2200181Ia 4500003000900000008004100009020001800050040001600068080002000084110003800104245010800142260004800250300001800298650004800316942000700364999001700371952013800388IN-BaIIA211028s9999 xx 000 0 eng d a81-85324-14-X cIIA Library a(058):92bDIR-2 aIndian Academy of Sciences910518 0aDirectory of fellowsbvol. 2, (P-Z), 1995cIndian Academy of Sciences  aBangalorebIndian Academy of Sciencesc1995 avii, 377-702p aDirectory-IAS fellows, IAS-Directory922239 cBK c12699d12699 00104070aBANbBANcGENd1998-09-29g500.00l0o(058):92/ DIR-2p13616r2021-11-05v500.00w1998-09-29yBKGRs. 500.00/ 2 vols. set